000 00349nam a22001337a 4500
020 _qPB.
040 _cFIZZA ISHAQ
082 _a302.1216
_bVAN
100 _aWATSON, VANESSA.
_937643
245 _aCHANGE AND CONTINUITY IN SPATIAL PLANNING /
_cVANESSA WATSON.
260 _aNEW YORK ;
_bROUTLEDGE,
_c2002.
300 _a177 P. ;
942 _2ddc
_cBK
999 _c589351
_d589351